Pán-magyar koncepció

Elmentve itt :
Bibliográfiai részletek
Szerző: Baráth Margit
Dokumentumtípus: Cikk
Megjelent: 1975
Sorozat:Aetas 4
Kulcsszavak:Baráth Tibor, Történelemtudomány
Online Access:http://acta.bibl.u-szeged.hu/16523
LEADER 00576nab a2200181 i 4500
001 acta16523
005 20210426121619.0
008 161015s1975 hu o 0|| hun d
022 |a 0237-7934 
040 |a SZTE Egyetemi Kiadványok Repozitórium  |b hun 
041 |a hun 
100 1 |a Baráth Margit 
245 1 0 |a Pán-magyar koncepció  |h [elektronikus dokumentum] /  |c  Baráth Margit 
260 |c 1975 
300 |a 36-40 
490 0 |a Aetas  |v 4 
695 |a Baráth Tibor, Történelemtudomány 
856 4 0 |u http://acta.bibl.u-szeged.hu/16523/1/aetas_1975_004_036-040.pdf  |z Dokumentum-elérés